読みに「ん」を含む市区町村 - Statistics

General Stats
  • This quiz has been taken 1,470 times
  • The average score is 64 of 153
Answer Stats
都道府県名 市区町村名 ふりがな % Correct
宮城県 仙台市 せんだい
77%
山形県 新庄市 しんじょう
69%
東京都 新宿区 しんじゅく
64%
富山県 南砺市 なんと
63%
福井県 越前市 えちぜん
63%
京都府 京丹後市 きょうたんご
62%
大阪府 泉南市 せんなん
62%
秋田県 大仙市 だいせん
61%
鹿児島県 薩摩川内市 さつませんだい
61%
愛知県 安城市 あんじょう
60%
兵庫県 丹波篠山市 たんばささやま
60%
新潟県 三条市 さんじょう
59%
大阪府 阪南市 はんなん
59%
秋田県 由利本荘市 ゆりほんじょう
58%
兵庫県 丹波市 たんば
58%
香川県 観音寺市 かんおんじ
58%
島根県 雲南市 うんなん
57%
秋田県 仙北市 せんぼく
56%
京都府 南丹市 なんたん
56%
徳島県 阿南市 あなん
56%
埼玉県 本庄市 ほんじょう
55%
滋賀県 近江八幡市 おうみはちまん
55%
兵庫県 三田市 さんだ
55%
宮崎県 日南市 にちなん
55%
群馬県 安中市 あんなか
54%
高知県 南国市 なんこく
54%
北海道 紋別市 もんべつ
53%
千葉県 印西市 いんざい
53%
石川県 白山市 はくさん
53%
愛知県 半田市 はんだ
53%
高知県 四万十市 しまんと
53%
北海道 室蘭市 むろらん
52%
北海道 新十津川町 しんとつかわ
52%
北海道 新ひだか町 しんひだか
52%
岩手県 陸前高田市 りくぜんたかた
52%
山形県 天童市 てんどう
52%
愛知県 江南市 こうなん
52%
和歌山県 新宮市 しんぐう
52%
長崎県 雲仙市 うんぜん
52%
沖縄県 宜野湾市 ぎのわん
52%
沖縄県 南城市 なんじょう
52%
福井県 越前町 えちぜん
51%
山口県 周南市 しゅうなん
51%
大分県 豊後高田市 ぶんごたかだ
51%
福井県 南越前町 みなみえちぜん
50%
愛知県 新城市 しんしろ
50%
兵庫県 新温泉町 しんおんせん
50%
和歌山県 海南市 かいなん
50%
京都府 京丹波町 きょうたんば
49%
東京都 文京区 ぶんきょう
48%
奈良県 天理市 てんり
48%
高知県 四万十町 しまんと
48%
北海道 長万部町 おしゃまんべ
47%
滋賀県 湖南市 こなん
47%
大阪府 富田林市 とんだばやし
47%
岡山県 備前市 びぜん
47%
山口県 山陽小野田市 さんようおのだ
47%
香川県 善通寺市 ぜんつうじ
47%
香川県 まんのう町 まんのう
47%
大分県 豊後大野市 ぶんごおおの
47%
山梨県 | 青森県 | 鳥取県 南部町 なんぶ
46%
宮城県 気仙沼市 けせんぬま
46%
福島県 二本松市 にほんまつ
46%
静岡県 函南町 かんなみ
46%
千葉県 鋸南町 きょなん
45%
東京都 国分寺市 こくぶんじ
44%
北海道 遠軽町 えんがる
43%
愛知県 碧南市 へきなん
43%
沖縄県 糸満市 いとまん
43%
岩手県 八幡平市 はちまんたい
42%
福島県 会津坂下町 あいづばんげ
42%
埼玉県 飯能市 はんのう
42%
愛媛県 愛南町 あいなん
42%
高知県 香南市 こうなん
42%
福岡県 豊前市 ぶぜん
42%
青森県 三戸町 さんのへ
41%
静岡県 御殿場市 ごてんば
41%
鳥取県 大山町 だいせん
41%
広島県 神石高原町 じんせきこうげん
41%
愛媛県 東温市 とうおん
41%
沖縄県 読谷村 よみたん
41%
千葉県 山武市 さんむ
40%
静岡県 川根本町 かわねほん
40%
愛媛県 久万高原町 くまこうげん
40%
長崎県 新上五島町 しんかみごとう
40%
北海道 倶知安町 くっちゃん
39%
北海道 浜頓別町 はまとんべつ
39%
山形県 南陽市 なんよう
39%
富山県 入善町 にゅうぜん
39%
沖縄県 金武町 きん
39%
佐賀県 神埼市 かんざき
38%
沖縄県 北谷町 ちゃたん
38%
北海道 新篠津村 しんしのつ
37%
北海道 訓子府町 くんねっぷ
37%
北海道 新得町 しんとく
37%
北海道 蘭越町 らんこし
36%
北海道 積丹町 しゃこたん
36%
北海道 中頓別町 なかとんべつ
36%
新潟県 五泉市 ごせん
36%
新潟県 津南町 つなん
36%
岐阜県 岐南町 ぎなん
36%
三重県 東員町 とういん
36%
沖縄県 恩納村 おんな
36%
千葉県 御宿町 おんじゅく
35%
北海道 遠別町 えんべつ
34%
愛知県 日進市 にっしん
34%
宮城県 南三陸町 みなみさんりく
33%
茨城県 坂東市 ばんどう
33%
大阪府 河南町 かなん
33%
鹿児島県 与論町 よろん
33%
長野県 野沢温泉村 のざわおんせん
32%
岐阜県 安八町 あんぱち
32%
北海道 初山別村 しょさんべつ
31%
北海道 礼文町 れぶん
31%
群馬県 榛東村 しんとう
31%
千葉県 長南町 ちょうなん
31%
島根県 邑南町 おおなん
30%
岡山県 新庄村 しんじょう
30%
奈良県 天川村 てんかわ
29%
福岡県 遠賀町 おんが
29%
福岡県 苅田町 かんだ
29%
群馬県 神流町 かんな
28%
群馬県 甘楽町 かんら
28%
長野県 阿南町 あなん
28%
鳥取県 日南町 にちなん
28%
福岡県 新宮町 しんぐう
28%
佐賀県 玄海町 げんかい
28%
沖縄県 今帰仁村 なきじん
28%
福島県 磐梯町 ばんだい
27%
群馬県 南牧村 なんもく
27%
鹿児島県 宇検村 うけん
27%
北海道 剣淵町 けんぶち
26%
青森県 新郷村 しんごう
26%
埼玉県 嵐山町 らんざん
26%
奈良県 三郷町 さんごう
26%
福島県 新地町 しんち
25%
島根県 飯南町 いいなん
25%
福岡県 筑前町 ちくぜん
25%
北海道 南幌町 なんぽろ
24%
北海道 本別町 ほんべつ
24%
福島県 天栄村 てんえい
24%
奈良県 安堵町 あんど
24%
岡山県 久米南町 くめなん
24%
鹿児島県 伊仙町 いせん
24%
長野県 天龍村 てんりゅう
23%
和歌山県 上富田町 かみとんだ
21%
熊本県 南関町 なんかん
21%
宮崎県 新富町 しんとみ
21%
福岡県 桂川町 けいせん
20%
鹿児島県 錦江町 きんこう
19%
奈良県 上牧町 かんまき
18%
No matching quizzes found
Score Distribution
Percent of People with Each Score
Percentile by Number Answered
Your Score History
You have not taken this quiz